| 000 | 00769cam a2200205 i 4500 | ||
|---|---|---|---|
| 005 | 20260121095728.0 | ||
| 008 | 250721s2019 ua gr 000 0 ara d | ||
| 020 | _a9789777536097 | ||
| 082 | 1 | 4 |
_a341.5 _bص ق ر |
| 100 | 1 |
_aصقر، احمد عبد الفتاح _eمؤلف. |
|
| 245 | 1 | 0 |
_aتسوية المنازعات عبر التحكيم الدولي / _cتأليف د. أحمد عبدالفتاح صقر. |
| 250 | _aالطبعة الاولى. | ||
| 264 | 3 | 1 |
_aالاسكندرية : _bمكتبة الوفاء القانونية، _c2019. |
| 300 | _a387 صفحة. | ||
| 650 | 1 | 7 | _aالقانون الدولي. |
| 650 | 1 | 7 | _aالتحكيم الدولي. |
| 650 | 1 | 7 | _aالصراع الدولي. |
| 942 |
_2ddc _cBK |
||
| 999 |
_c141218 _d141218 |
||